000
00337nam a2200145Ia 4500
100
_a
Murphy James/ed
942
_c
BK
654
_a
metals
245
_a
Surface preparation and finishes for Metals
260
_b
Society of Manufacturing Engineers
_c
1971
082
_a
671.7
_b
MUR
300
_a
493
546
_a
ENGLISH
999
_c
32856
_d
32856